1344 1732 1376 1886 1104 1635 1527 1211 1617 1907 1385 1891 1873 1497 1092 1566 1287 1558 1343 1423 1650 1844 1548 1299 1144 1875 1126 1960 1851 1162 1139 1379 1025 1091 1381 1816 1573 1207 1715 1285 1713 1388 1925 1839 1805 1719 1730 1371 1035 1123 1977 1447 1598 1670 1162 1171 1114 1714 1907 1814 1554 1655 1631 1038 1488 1082 1101 1014 1185 1012 1638 1221 1743 1791 1488 1360 1137 1326 1040 1433 1526 1994 1045 1327 1691 1578 1523 1080 1735 1915 1475 1265 1288 1380 1956 1857 1329 1109 1858 BCNSPRNW ULIB Ver.6.0+V

เปลี่ยนเป็นภาษาไทย

Change to English
 แสดงรายละเอียดบรรณานุกรม
  กลับหน้าหลัก

Brief Record : Get Marc (ISO 2709) : E-mail record : QR code < ปิดหน้าต่าง
LEADER : 00000nam 2200000uu 4500
001    13399121308
003     ULIB
008    121114s2548||||th 000 0 tha d
020    ^a9746140574 (ล.2)
050  4 ^aPE1116.T6^bส719ภ ล.2
245 10 ^aภาษาอังกฤษเพื่อการท่องเที่ยว หน่วยที่ 9-15=^bEnglish for tourism /^cปิยะนัฐ ด่านวิวัฒน์ ... [และคนอื่นฯ] ; สาขาวิชาศิลปศาสตร์ มหาวิทยาลัยสุโขทัยธรรมาธิราช
246 14 ^aเอกสารการสอนชุดวิชาภาษาอังกฤษเพื่อการท่องเที่ยว
246 31 ^aEnglish for tourism
250    ^aพิมพ์ครั้งที่ 9
260    ^aนนทบุรี :^bสำนักพิมพ์มหาวิทยาลัยสุโขทัยธรรมาธิราช,^c2548
300    ^a2 เล่ม :^bภาพประกอบ ;^c30 ซม.
500    ^aเอกสารการสอนชุดวิชาภาษาอังกฤษเพื่อการท่องเที่ยว 11302หน่วยที่ 1-8, 9-15
591    ^aLINA มี ล.2
650  4 ^aภาษาอังกฤษ^xตำราสำหรับชนต่างชาติ
650  4 ^aภาษาอังกฤษ^xบทสนทนาและวลี
651  7 ^aไทย^xภูมิประเทศและการท่องเที่ยว^xหนังสือนำเที่ยว
700 0  ^aปิยะนัฐ ด่านวิวัฒน์
710 2  ^aมหาวิทยาลัยสุโขทัยธรรมาธิราช. ^bสาขาวิชาศิลปศาสตร์
945    ^p0^l0^i19555
995    ^aวิภา
999 ^a ทศพร
รายการนี้ยังไม่มีแท็ก
คุณยังไม่ได้ล็อกอิน คุณสามารถมีกิจกรรมร่วมกับเว็บไซต์ได้ แต่ต้องล็อกอินก่อน ::
  ล็อกอิน

รายการสื่อสารสนเทศ

ลำดับที่ ประเภท เลขเรียก/บาร์โค้ด สถานที่ สถานะ
1. วิทยาศาสตร์การแพทย์ และสุขภาพ
วิทยาศาสตร์การแพทย์ และสุขภาพ
PE1116.T6 ส719ภ ล.2  
  Barcode: 19555
ห้องสมุดวิทยาเขตสวรรค์ประชารักษ์
►หนังสือทั่วไป
บนชั้น

BibComment


ยังไม่เคยถูกคอมเมนท์

คอมเมนท์ทรัพยากรรายการนี้
  คอมเมนท์: ภาษาอังกฤษเพื่อก..


 Copyright 2026. Bcnsprnw @Library